[Event "LIB-ch sf"]
[Site "Beirut"]
[Date "2017.03.17"]
[Round "6"]
[White "Oknayan, Jirair"]
[Black "Khatib, Mohamad"]
[Result "1/2-1/2"]
[WhiteElo "1968"]
[BlackElo "1530"]
[PlyCount "97"]
[EventDate "2017.03.10"]
[EventType "swiss"]
[EventRounds "9"]
[EventCountry "LBN"]
[SourceTitle "CBM 177 Extra"]
[Source "ChessBase"]
[SourceDate "2017.04.27"]
[SourceVersion "1"]
[SourceVersionDate "2017.04.27"]
[SourceQuality "1"]

1. d4 Nf6 2. c4 e6 3. Nf3 Bb4+ 4. Bd2 Qe7 5. Nc3 Bxc3 6. Bxc3 Ne4 7. Qc2 Nxc3 8. Qxc3 0-0 9. g3 d6 10. Bg2 Nc6 11. 0-0 e5 12. d5 Nb8 13. e4 a5 14. b3 Bd7 15. a3 c6 16. dxc6 bxc6 17. Rfd1 Na6 18. Ra2 Nc5 19. Ne1 a4 20. b4 Nb3 21. Qd3 Be6 22. Qxd6 Qxd6 23. Rxd6 Bxc4 24. Rc2 Bb5 25. f4 f6 26. fxe5 fxe5 27. Nf3 Rae8 28. Rf2 h6 29. Nh4 Rxf2 30. Kxf2 Nd4 31. Nf5 Rf8 32. Bh3 Kh7 33. Rd7 Kh8 34. Kg1 Nxf5 35. Bxf5 c5 36. bxc5 Bxd7 37. Bxd7 Rf3 38. Bxa4 Rxa3 39. Bd7 Rc3 40. c6 Rc2 41. Kf1 Kg8 42. Ke1 Kf7 43. Kd1 Rc4 44. Kd2 Ke7 45. Kd3 Rd4+ 46. Ke3 g5 47. h4 gxh4 48. gxh4 Kd8 49. Be6 1/2-1/2

[Event "LIB-ch sf"]
[Site "Beirut"]
[Date "2017.03.14"]
[Round "4"]
[White "Oknayan, Jirair"]
[Black "Kabalan, Mohamad"]
[Result "1-0"]
[WhiteElo "1968"]
[BlackElo "1410"]
[PlyCount "67"]
[EventDate "2017.03.10"]
[EventType "swiss"]
[EventRounds "9"]
[EventCountry "LBN"]
[SourceTitle "CBM 177 Extra"]
[Source "ChessBase"]
[SourceDate "2017.04.27"]
[SourceVersion "1"]
[SourceVersionDate "2017.04.27"]
[SourceQuality "1"]

1. d4 d5 2. Nc3 Bf5 3. Bf4 e6 4. e3 Nf6 5. Bd3 Bxd3 6. Qxd3 Bd6 7. Bg3 Nc6 8. a3 a6 9. Nf3 Bxg3 10. hxg3 Qd6 11. 0-0-0 0-0-0 12. Ng5 Rd7 13. Nxh7 e5 14. Nxf6 Rxh1 15. Nxd7 Rxd1+ 16. Kxd1 Kxd7 17. dxe5 Nxe5 18. Qxd5 Qxd5+ 19. Nxd5 Kd6 20. Nb4 c5 21. Nd3 Nxd3 22. cxd3 b5 23. Kd2 a5 24. Kc3 Kd5 25. e4+ Ke5 26. f4+ Kd6 27. d4 f5 28. dxc5+ Kxc5 29. b4+ axb4+ 30. axb4+ Kd6 31. Kd4 fxe4 32. Kxe4 Ke6 33. g4 g6 34. f5+ 1-0

[Event "LIB-chT"]
[Site "Beirut"]
[Date "2016.07.26"]
[Round "5.1"]
[White "Oknayan, Krikor"]
[Black "Oknayan, Jirair"]
[Result "1/2-1/2"]
[WhiteElo "1733"]
[BlackElo "1953"]
[PlyCount "74"]
[EventDate "2016.07.22"]
[EventType "team-tourn"]
[EventRounds "9"]
[EventCountry "LBN"]
[SourceTitle "EXT 2017"]
[Source "ChessBase"]
[SourceDate "2016.10.25"]
[SourceVersion "1"]
[SourceVersionDate "2016.10.25"]
[SourceQuality "1"]
[WhiteTeam "Army Club"]
[BlackTeam "Homentmen"]
[WhiteTeamCountry "LBN"]
[BlackTeamCountry "LBN"]

1. d4 c6 2. c4 Nf6 3. Nf3 d5 4. cxd5 cxd5 5. Nc3 e6 6. Bg5 Be7 7. e3 0-0 8. Bd3 Nc6 9. a3 Re8 10. Qc2 h6 11. Bh4 Bd7 12. 0-0 Nh5 13. Bxe7 Qxe7 14. Rac1 Nf6 15. b4 Rac8 16. Qb2 e5 17. dxe5 Nxe5 18. Be2 Qd6 19. Nb5 Nxf3+ 20. gxf3 Qb6 21. Nd4 Bh3 22. Rxc8 Rxc8 23. Rc1 Ne8 24. Bd3 Qf6 25. f4 Qh4 26. Nf5 Qg4+ 27. Ng3 Rxc1+ 28. Qxc1 g6 29. Be2 Qc8 30. Qxc8 Bxc8 31. Bf3 Nc7 32. Be2 Kf8 33. Kf1 Ke7 34. Ke1 Kd6 35. Kd2 Bd7 36. Kc3 h5 37. h4 Ne6 1/2-1/2

[Event "LIB-chT"]
[Site "Beirut"]
[Date "2016.07.25"]
[Round "4.1"]
[White "Oknayan, Jirair"]
[Black "Hijazi, Mohammed M"]
[Result "1-0"]
[WhiteElo "1953"]
[BlackElo "1594"]
[PlyCount "77"]
[EventDate "2016.07.22"]
[EventType "team-tourn"]
[EventRounds "9"]
[EventCountry "LBN"]
[SourceTitle "EXT 2017"]
[Source "ChessBase"]
[SourceDate "2016.10.25"]
[SourceVersion "1"]
[SourceVersionDate "2016.10.25"]
[SourceQuality "1"]
[WhiteTeam "Homentmen"]
[BlackTeam "Riyadi"]
[WhiteTeamCountry "LBN"]
[BlackTeamCountry "LBN"]

1. d4 c6 2. Nf3 d5 3. c4 Nf6 4. Nc3 e6 5. e3 dxc4 6. a4 Nd5 7. Bxc4 Nxc3 8. bxc3 Be7 9. 0-0 0-0 10. Qd3 Nd7 11. Bb3 Re8 12. Bc2 Nf8 13. Re1 Qc7 14. e4 c5 15. e5 b6 16. Ng5 Bxg5 17. Bxg5 Bb7 18. Qg3 cxd4 19. Rac1 dxc3 20. h4 f5 21. exf6 Qxg3 22. fxg3 gxf6 23. Bxf6 Rac8 24. Bb3 Kf7 25. Rf1 Kg8 26. Rf4 Ng6 27. Rd4 Rc7 28. h5 Rf7 29. hxg6 Rxf6 30. gxh7+ Kg7 31. Rd7+ Rf7 32. Rxf7+ Kxf7 33. Rxc3 Bd5 34. Rc7+ Kg6 35. Bc2+ Kh6 36. g4 e5 37. Rd7 Ba8 38. g5+ Kh5 39. g6 1-0

[Event "LIB-chT"]
[Site "Beirut"]
[Date "2016.07.24"]
[Round "3.1"]
[White "Nader, Elias"]
[Black "Oknayan, Jirair"]
[Result "1/2-1/2"]
[WhiteElo "2092"]
[BlackElo "1953"]
[PlyCount "75"]
[EventDate "2016.07.22"]
[EventType "team-tourn"]
[EventRounds "9"]
[EventCountry "LBN"]
[SourceTitle "EXT 2017"]
[Source "ChessBase"]
[SourceDate "2016.10.25"]
[SourceVersion "1"]
[SourceVersionDate "2016.10.25"]
[SourceQuality "1"]
[WhiteTeam "Antranik"]
[BlackTeam "Homentmen"]
[WhiteTeamCountry "LBN"]
[BlackTeamCountry "LBN"]

1. c4 e6 2. Nf3 Nf6 3. g3 b6 4. Bg2 Bb7 5. 0-0 d5 6. cxd5 exd5 7. Nc3 Be7 8. d4 0-0 9. Ne5 h6 10. Qd3 Nbd7 11. Re1 Re8 12. Qf5 c6 13. e4 dxe4 14. Bxe4 Rc8 15. g4 Bd6 16. g5 Nxe5 17. gxf6 Ng6 18. fxg7 Qh4 19. h3 Rc7 20. Qg4 Qxg4+ 21. hxg4 Kxg7 22. Be3 Rce7 23. Bf3 Bf4 24. d5 Bxe3 25. dxc6 Bxf2+ 26. Kxf2 Bc8 27. Nd5 Re5 28. Rad1 Rxe1 29. Rxe1 Rxe1 30. Kxe1 Ne5 31. Kf2 Nxc6 32. Nxb6 axb6 33. Bxc6 Bxg4 34. a4 Kf6 35. b4 Ke5 36. a5 bxa5 37. bxa5 Bc8 38. Kg3 1/2-1/2

[Event "LIB-chT"]
[Site "Beirut"]
[Date "2016.07.23"]
[Round "2.1"]
[White "Oknayan, Jirair"]
[Black "Rashidi, Rabih"]
[Result "1/2-1/2"]
[WhiteElo "1953"]
[BlackElo "1843"]
[PlyCount "79"]
[EventDate "2016.07.22"]
[EventType "team-tourn"]
[EventRounds "9"]
[EventCountry "LBN"]
[SourceTitle "EXT 2017"]
[Source "ChessBase"]
[SourceDate "2016.10.25"]
[SourceVersion "1"]
[SourceVersionDate "2016.10.25"]
[SourceQuality "1"]
[WhiteTeam "Homentmen"]
[BlackTeam "Tanmiya"]
[WhiteTeamCountry "LBN"]
[BlackTeamCountry "LBN"]

1. d4 d5 2. Nf3 Nf6 3. c4 e6 4. Nc3 Nc6 5. Bg5 Be7 6. e3 0-0 7. Bd3 Ne8 8. Bf4 h6 9. 0-0 a6 10. a3 dxc4 11. Bxc4 b5 12. Ba2 Bb7 13. Rc1 Rc8 14. Bb1 Nf6 15. Qd3 h5 16. Ne4 g6 17. Nc5 Na5 18. Nxb7 Nxb7 19. b4 Nd5 20. Bh6 Re8 21. Ne5 Bf8 22. Nxf7 Qf6 23. Bxf8 Kxf7 24. Bc5 h4 25. f4 Kg7 26. Rf3 Ne7 27. g4 Nd6 28. e4 Nc4 29. d5 Kg8 30. Bd4 Qf7 31. Rh3 Qxf4 32. Qf1 Qxf1+ 33. Kxf1 e5 34. Bc3 Rf8+ 35. Ke2 g5 36. Ba2 Ng6 37. Rf3 Rxf3 38. Kxf3 Rf8+ 39. Ke2 Nf4+ 40. Kd1 1/2-1/2